000
00202 a2200097 4500
001
7245
100
_a
Morgan, T L
245
_a
Forces in framed structures
260
_a
_b
Spon
_c
090
_c
5973
_d
5973
942
_a
NUST-CAE
_c
M
_c
32459
999
_c
242318
_d
242318